00491 2200169 4500245010600000020002200106250001100128100002200139700001600161650003700177005001900214260003400233041001400267084000900281300002200290336000900312 aReferensi Pintar Atlas Geografi b : Indonesia & Dunia Terlengkap & TerbarucTim Guru GeografihText a978-602-5454-32-5 aCet. 1 aTim Guru Geografi aTim Redaksi aAtlas Geografi Indonesia & Dunia a20240926141814 aYogyakartabForum Ekasic2018 aIndonesia aNONE a128 hlm. :c29 cm atext